<?xml version="1.0" encoding="UTF-8"?>
<record
    xmlns:xsi="http://www.w3.org/2001/XMLSchema-instance"
    xsi:schemaLocation="http://www.loc.gov/MARC21/slim http://www.loc.gov/standards/marcxml/schema/MARC21slim.xsd"
    xmlns="http://www.loc.gov/MARC21/slim">

  <leader>01214cam a2200337 a 4500</leader>
  <controlfield tag="003">OSt</controlfield>
  <controlfield tag="005">20240530110424.0</controlfield>
  <controlfield tag="008">020310s2000    ua a     b    000 0 fre</controlfield>
  <datafield tag="020" ind1=" " ind2=" ">
    <subfield code="a">2724702654</subfield>
  </datafield>
  <datafield tag="035" ind1=" " ind2=" ">
    <subfield code="a">(DLC)   99523752</subfield>
  </datafield>
  <datafield tag="040" ind1=" " ind2=" ">
    <subfield code="a">EG-CaGPL</subfield>
    <subfield code="c">EG-CaGPL</subfield>
  </datafield>
  <datafield tag="042" ind1=" " ind2=" ">
    <subfield code="a">lcode</subfield>
  </datafield>
  <datafield tag="043" ind1=" " ind2=" ">
    <subfield code="a">f-ua---</subfield>
  </datafield>
  <datafield tag="082" ind1="0" ind2="4">
    <subfield code="2">21</subfield>
    <subfield code="a">932</subfield>
    <subfield code="b">CC/L A</subfield>
  </datafield>
  <datafield tag="100" ind1="1" ind2=" ">
    <subfield code="a">Labrousse, A.</subfield>
  </datafield>
  <datafield tag="245" ind1="1" ind2="2">
    <subfield code="a">L'architecture des pyramides &#xE0; textes.</subfield>
    <subfield code="n">II,</subfield>
    <subfield code="p">Saqqara sud /</subfield>
    <subfield code="c">Audran Labrousse.</subfield>
  </datafield>
  <datafield tag="246" ind1="3" ind2="0">
    <subfield code="a">Saqqara sud</subfield>
  </datafield>
  <datafield tag="260" ind1=" " ind2=" ">
    <subfield code="a">Le Caire :</subfield>
    <subfield code="b">Institut franc&#x328;ais d'arch&#xE9;ologie orientale,</subfield>
    <subfield code="c">2000.</subfield>
  </datafield>
  <datafield tag="300" ind1=" " ind2=" ">
    <subfield code="a">218 p., xxxvii p. of plates :</subfield>
    <subfield code="b">ill. ;</subfield>
    <subfield code="c">28 cm.</subfield>
  </datafield>
  <datafield tag="490" ind1="1" ind2=" ">
    <subfield code="a">Biblioth&#xE8;que d'&#xE9;tude,</subfield>
    <subfield code="x">0259-3823 ;</subfield>
    <subfield code="v">131</subfield>
  </datafield>
  <datafield tag="490" ind1="1" ind2=" ">
    <subfield code="a">Mission arch&#xE9;ologique de Saqqara ;</subfield>
    <subfield code="v">3</subfield>
  </datafield>
  <datafield tag="490" ind1="1" ind2=" ">
    <subfield code="a">IF ;</subfield>
    <subfield code="v">842</subfield>
  </datafield>
  <datafield tag="504" ind1=" " ind2=" ">
    <subfield code="a">Includes bibliographical references (p. 201-208).</subfield>
  </datafield>
  <datafield tag="650" ind1=" " ind2="0">
    <subfield code="a">Pyramids</subfield>
    <subfield code="z">Egypt</subfield>
    <subfield code="z">&#x1E62;aqq&#x101;rah.</subfield>
  </datafield>
  <datafield tag="650" ind1=" " ind2="0">
    <subfield code="a">Architecture, Ancient</subfield>
    <subfield code="z">Egypt</subfield>
    <subfield code="z">&#x1E62;aqq&#x101;rah.</subfield>
  </datafield>
  <datafield tag="651" ind1=" " ind2="0">
    <subfield code="a">&#x1E62;aqq&#x101;rah (Egypt)</subfield>
    <subfield code="x">Antiquities.</subfield>
  </datafield>
  <datafield tag="830" ind1=" " ind2="0">
    <subfield code="a">Biblioth&#xE8;que d'&#xE9;tude ;</subfield>
    <subfield code="v">t. 131.</subfield>
  </datafield>
  <datafield tag="830" ind1=" " ind2="0">
    <subfield code="a">Mission arch&#xE9;ologique de Saqqara (Series) ;</subfield>
    <subfield code="v">3.</subfield>
  </datafield>
  <datafield tag="830" ind1=" " ind2="0">
    <subfield code="a">Publications de l'Institut fran&#xE7;ais d'arch&#xE9;ologie orientale du Caire ;</subfield>
    <subfield code="v">842.</subfield>
  </datafield>
  <datafield tag="942" ind1=" " ind2=" ">
    <subfield code="2">ddc</subfield>
    <subfield code="c">BK</subfield>
  </datafield>
  <datafield tag="999" ind1=" " ind2=" ">
    <subfield code="c">60714</subfield>
    <subfield code="d">60714</subfield>
  </datafield>
  <datafield tag="952" ind1=" " ind2=" ">
    <subfield code="0">0</subfield>
    <subfield code="1">0</subfield>
    <subfield code="2">ddc</subfield>
    <subfield code="4">0</subfield>
    <subfield code="7">0</subfield>
    <subfield code="a">CAI</subfield>
    <subfield code="b">CAI</subfield>
    <subfield code="d">2015-03-22</subfield>
    <subfield code="l">0</subfield>
    <subfield code="o">932 CC/L A</subfield>
    <subfield code="p">159819</subfield>
    <subfield code="r">2015-03-22 00:00:00</subfield>
    <subfield code="w">2015-03-22</subfield>
    <subfield code="y">BK</subfield>
  </datafield>
</record>
